000 00619nas a2200217 4500
001 BR8006197
003 BR-BrBNA
005 20231205084411.0
007 ta
008 230509b bl.|||p| |||| 00| 00por d
040 _aBR-BrBNA
_bpor
_cBiblioteca Nacional de Agricultura
041 _a(Pt)
072 _aK20
100 1 _aBrepolil, D.
245 1 _aZoneamento florestal [Parana, Brasil]
650 _aZONEAMENTO FLORESTAL
650 _aPARANÁ
773 0 _tBrasil Madeira (Brazil)
_xISSN 0100-3119
_g(Nov 1980), v. 4(47) p. 13-14
_wBR8006197
909 _a202311
_bLúcia
_c55
_dLúcia Elande
942 _2AGRIS
_n0
_cANA
999 _c104975
_d104975